000 00564nam a2200229Ia 4500
003 OSt
005 20221005114720.0
006 a|||||r|||| 00| 0
007 ta
008 221004b |||||||| |||| 00| 0 eng d
024 _a56670
037 _cTextual
040 _aCRL
_cCRL
_beng
041 _2eng
_aeng
082 _aO32,3N34x, K3
100 _aNair Vasudevan
245 0 _aBandhanam
260 _c1963
650 _aMALAYALAM LITERATURE
_938866
942 _hO32,3N34x, K3
_cTEXL
_2cc
999 _c1032156
_d1032156